HARRY POTTER AND THE CURSED CHILD (Record no. 28084)

MARC details
000 -LEADER
fixed length control field 00329nam a2200133Ia 4500
008 - FIXED-LENGTH DATA ELEMENTS--GENERAL INFORMATION
fixed length control field 240624s9999 xx 000 0 und d
041 ## - LANGUAGE CODE
Language code of text/sound track or separate title eng
082 ## - DEWEY DECIMAL CLASSIFICATION NUMBER
Classification number 823 TIF
100 ## - MAIN ENTRY--PERSONAL NAME
Personal name TIFFANY JOHN
245 ## - TITLE STATEMENT
Title HARRY POTTER AND THE CURSED CHILD
260 ## - PUBLICATION, DISTRIBUTION, ETC.
Date of publication, distribution, etc. 2016
Place of publication, distribution, etc. London
Name of publisher, distributor, etc. Little Brown
300 ## - PHYSICAL DESCRIPTION
Extent 343 : p. : cm. ; 28
365 ## - TRADE PRICE
Currency code RS
Holdings
Withdrawn status Lost status Damaged status Not for loan Home library Current library Shelving location Date acquired Cost, normal purchase price Total Checkouts Full call number Barcode Date due Date last seen Date last checked out Copy number Price effective from Koha item type
        IMTN IMTN Rack 41-A 10/25/2016 441.00 3 823 TIF 28084 10/05/2025 09/25/2025 09/25/2025 1 06/24/2024 Books
Designed & Maintained by: LRC IMT Nagpur Contact: lrc@imtnag.ac.in© 2024. All Rights Reserved.